000 01112cam a22002772a 4500
001 10103
003 BD-RjUL
005 20211208234907.0
008 140123s1960 enk 000 0 eng u
035 _aOCLC ocm00706089 from D950427M
_a(BD-RjUL)10150
040 _aTOL
_dUKM
_dEQO
_beng
_cUkOxU
041 _aeng
082 0 0 _a940.541242
_218
_bJOO 1960
100 1 _aJoslen, H. F.
_931187
245 1 0 _aOrders of battle :
_bUnited Kingdom and colonial formations and units in the Second World War, 1939-1945.
_cPrepared for the Historical Section of the Cabinet Office by H.F. Joslen. Based on official documents
260 _aLondon :
_bH.M. Stationery Office,
_cc1960.
300 _a2 v. :
_bill. ;
_c34 cm
490 1 _aHistory of the Second World War. United Kingdom military series
505 0 _a2 Vol.
610 1 0 _aGreat Britain.
_bArmy
_9153533
650 0 _aWorld War, 1939-1945
_xRegimental histories
_zGreat Britain
_931189
710 1 _aGreat Britain.
_bCabinet Office.
_bHistorical Section.
_931190
830 0 _aHistory of the Second World War.
_9132913
942 _2ddc
_cBK
999 _c10103
_d10103